Города Кировской области - Statistics

General Stats
  • This quiz has been taken 52 times
  • The average score is 9 of 18
Answer Stats
Население Город % Correct
475 464 Киров
100%
66 651 Кирово-Чепецк
90%
29 742 Вятские Поляны
68%
20 144 Котельнич
58%
19 629 Омутнинск
52%
14 626 Советск
52%
14 284 Яранск
48%
9122 Луза
48%
29 148 Слободской
45%
8520 Кирс
45%
8448 Уржум
45%
8262 Нолинск
45%
6931 Малмыж
45%
5508 Орлов
45%
9767 Зуевка
39%
9659 Белая Холуница
39%
5700 Мураши
39%
8428 Сосновка
32%
No matching quizzes found
Score Distribution
Percent of People with Each Score
Percentile by Number Answered
Your Score History
You have not taken this quiz